000 00529nam a22001817a 4500
003 NUST - PNEC
005 20170116181019.0
008 150915b xxu||||| |||| 00| 0 eng d
020 _a0130795429
040 _cLIBRARY
082 _a621.3822 ALK
100 _910555
_aAlkin, Oktay
245 _aDigital signal processing : a laboratory approach using PC-DSP
_cOktay Alkin
250 _a2nd ed.
260 _cc.1994
650 _910556
_aSignal processing--Digital techniques--Data processing
_xMIS, MS COM
942 _2ddc
_cBK
999 _c67344
_d67344